|
|
|
|
| LEADER |
00000cas a2200000 a 4500 |
| 001 |
vtls010520826 |
| 003 |
SK-MaSNL |
| 005 |
20260228163452.0 |
| 008 |
130618c19941995xo qr 0 b0slo |
| 040 |
|
|
|a SNK
|b slo
|c SNK
|
| 041 |
|
|
|a slo
|
| 044 |
|
|
|a xo
|c SK
|
| 072 |
|
7 |
|a 355/359
|x Vojenstvo. Obrana krajiny. Ozbrojené sily
|2 konspekt
|
| 072 |
|
7 |
|a 93/94
|x Dejiny (všeobecne)
|2 konspekt
|
| 072 |
|
7 |
|a 070.48
|2 2011
|
| 080 |
|
|
|a 355.3
|2 2011
|
| 080 |
|
|
|a 050
|2 2011
|
| 080 |
|
|
|a 93/94
|2 2011
|
| 245 |
0 |
0 |
|a Armáda Slovenskej republiky
|
| 260 |
|
|
|a Trenčín
|b Redakcia účelovej tlače
|c 1994-1995
|
| 300 |
|
|
|a 2 zv.
|c 29 cm
|
| 310 |
|
|
|a 4x ročne
|
| 362 |
0 |
|
|a Č. 1 (1994)-č. 4 (1995)
|
| 500 |
|
|
|a Popis podľa: Č. 1/1994
|
| 650 |
0 |
7 |
|a armáda
|2 SNKPH
|9 1643
|
| 650 |
0 |
7 |
|a dejiny
|2 SNKPH
|9 3825
|
| 655 |
|
7 |
|a časopisy
|2 SNKPH
|9 76610
|
| 780 |
0 |
0 |
|t A ...
|
| 785 |
0 |
|
|t SAMO
|w vtls008880745
|
| 910 |
|
|
|a snk
|
| 999 |
|
|
|c 9486
|d 11416
|
| 952 |
|
|
|0 0
|1 0
|3 Rekatalogizácia
|4 0
|7 0
|a SNK
|b SNK
|d 2013-06-18
|i snk2000/1802
|l 0
|o snkČSB 4987/1994
|p 17A0919670
|r 2026-02-21 20:50:46
|t č. 1-4
|w 2026-02-21
|y PREZ
|
| 952 |
|
|
|0 0
|1 0
|4 0
|7 0
|a SNK
|b SNKPULT
|d 2018-09-26
|i snkČSP2000/1803
|l 1
|o snkČSB 4987/1994 D1
|p 17A1190626
|q 2025-08-12
|r 2026-02-28 18:20:43
|s 2026-02-28
|t č. 1-4
|w 2026-02-21
|y PREZ
|
| 952 |
|
|
|0 0
|1 0
|4 0
|7 0
|a SNK
|b SNK
|d 2017-10-11
|i snkČSP 234/2000
|l 0
|o snkČSB 4987/1995
|p 17A0919664
|r 2026-02-21 22:04:36
|t č. 1-4
|w 2026-02-21
|y PREZ
|
| 952 |
|
|
|0 0
|1 0
|4 0
|7 0
|8 0
|a SNK
|b SNK
|d 2017-10-11
|i snk2017/22118
|l 0
|o snkČSB 4987/1994 D1
|p 17A1265182
|r 2026-02-21 22:04:37
|t č. 1-4, neúplné
|w 2026-02-21
|y PREZ
|z Chýba č. 3, 4
|
| 952 |
|
|
|0 0
|1 0
|4 0
|7 0
|a SNK
|b SNK
|d 2017-10-11
|i snkČSP 235/2000
|l 0
|o snkČSB 4987/1995 D1
|p 17A1264707
|r 2026-02-21 22:04:37
|t č. 1-4
|w 2026-02-21
|y PREZ
|